[Event "AUTO-OPEN-4580"]
[Site "http://www.queenalice.com/game.php?id=1853402"]
[Date "2025.3.7"]
[Round "1"]
[White "SGF"]
[Black "sandrax"]
[Result "0-1"]
[WhiteElo "1817"]
[BlackElo "2093"]

1. e4 c5 2. Qf3 Nc6 3. Bc4 e6 4. c3 Ne5 5. Qe2 Qg5 6. f3 Nxc4 7. Nh3 Qh4+ 8. Qf2
Qxf2+ 9. Nxf2 d5 10. d3 Na5 11. b4 cxb4 12. e5 b6 13. O-O Ba6 14. cxb4 Bxb4 15.
Bd2 Bxd2 16. Nxd2 Ne7 17. g4 Ng6 18. h4 Ke7 19. Rfe1 Nc6 20. h5 Ngxe5 21. Kg2
Nxd3 22. Nxd3 Bxd3 23. Re3 Ba6 24. Rae1 Rhc8 25. f4 Nd4 26. f5 Rc2 27. fxe6
Rxd2+ 28. Kh1 fxe6 29. a4 Rf8 30. g5 Rff2 31. Rh3 Nf3 32. Rc1 Rh2+ 33. Rxh2
Rxh2# 0-1

[Event "AUTO-OPEN-4580"]
[Site "http://www.queenalice.com/game.php?id=1853403"]
[Date "2025.3.7"]
[Round "1"]
[White "sandrax"]
[Black "SGF"]
[Result "1-0"]
[WhiteElo "2088"]
[BlackElo "1822"]

1. e4 e5 2. Nf3 Qf6 3. Nc3 c6 4. d4 d6 5. Bg5 Qg6 6. dxe5 h6 7. Bf4 Bg4 8. exd6
Nd7 9. Qd4 Ngf6 10. O-O-O c5 11. Qa4 a6 12. Ne5 Qh5 13. f3 Be6 14. g4 Qh4 15.
Bg3 Qg5+ 16. f4 Qxg4 17. Nxg4 Bxg4 18. Bg2 Bxd1 19. Rxd1 b5 20. Nxb5 Ra7 21.
Nxa7 Bxd6 22. Rxd6 O-O 23. e5 Nh5 24. Qxd7 Nxg3 25. Nc6 Ne2+ 26. Kd2 Nxf4 27.
Ne7+ Kh8 28. Qf5 Nxg2 29. Ng6+ fxg6 30. Qxf8+ Kh7 31. Rd7 g5 32. Rxg7# 1-0

[Event "AUTO-OPEN-4580"]
[Site "http://www.queenalice.com/game.php?id=1853428"]
[Date "2025.3.7"]
[Round "1"]
[White "sandrax"]
[Black "Richardlim"]
[Result "1-0"]
[WhiteElo "2145"]
[BlackElo "1927"]

1. e4 c5 2. Nf3 d6 3. d4 cxd4 4. Nxd4 Nf6 5. Nc3 a6 6. h3 b5 7. g4 Bb7 8. Bg2 e5
9. Nf5 Nc6 10. Bg5 Nd4 11. Nxd4 exd4 12. Qxd4 Be7 13. O-O-O O-O 14. e5 Bxg2 15.
exf6 Bxf6 16. Bxf6 Qxf6 17. Qxf6 gxf6 18. Rhg1 1-0

[Event "AUTO-OPEN-4580"]
[Site "http://www.queenalice.com/game.php?id=1853429"]
[Date "2025.3.7"]
[Round "1"]
[White "Richardlim"]
[Black "sandrax"]
[Result "0-1"]
[WhiteElo "1935"]
[BlackElo "2139"]

1. c4 e5 2. Nc3 Nf6 3. g3 Bb4 4. Bg2 O-O 5. Nd5 Nxd5 6. Bxd5 c6 7. Bg2 d5 8.
cxd5 cxd5 9. a3 Be7 10. d3 Nc6 11. e3 Qa5+ 12. Bd2 Qb5 13. Qc2 Bf5 14. Bf1 d4
15. e4 Be6 16. Bg2 Bb3 0-1

[Event "AUTO-OPEN-4580"]
[Site "http://www.queenalice.com/game.php?id=1853430"]
[Date "2025.3.7"]
[Round "1"]
[White "sandrax"]
[Black "josebaron"]
[Result "1-0"]
[WhiteElo "2114"]
[BlackElo "2180"]

1. e4 e5 2. Nf3 Nc6 3. Bb5 d6 4. d4 exd4 5. Nxd4 Bd7 6. Nc3 Nf6 7. Bxc6 Bxc6 8.
Qf3 Be7 9. Nxc6 bxc6 10. e5 dxe5 11. Qxc6+ Nd7 12. Be3 O-O 13. O-O-O Bd6 14. Nb5
Nb6 15. Nxd6 cxd6 16. Qxd6 Qxd6 17. Rxd6 Nc4 18. Rd5 Nxe3 19. fxe3 f6 20. c4
Rfc8 21. b3 a5 22. Kb2 a4 23. Rc1 axb3 24. axb3 Kf7 25. b4 1-0

[Event "AUTO-OPEN-4580"]
[Site "http://www.queenalice.com/game.php?id=1853431"]
[Date "2025.3.7"]
[Round "1"]
[White "josebaron"]
[Black "sandrax"]
[Result "0-1"]
[WhiteElo "2195"]
[BlackElo "2098"]

1. e4 c5 2. Nf3 Nc6 3. Bb5 e6 4. Bxc6 bxc6 5. O-O Ne7 6. c4 Ng6 7. d3 e5 8. Nc3
Be7 9. a4 O-O 10. h3 d6 11. Re1 f5 12. a5 f4 13. Kh1 Nh4 14. Nxh4 Bxh4 15. Qf3
g5 16. Rg1 Rf6 17. Qe2 Rh6 18. Qe1 Be6 19. Kh2 g4 20. Ne2 Qf6 21. Ra2 Rf8 22.
Rh1 gxh3 23. Kg1 Rg6 0-1

[Event "AUTO-OPEN-4553"]
[Site "http://www.queenalice.com/game.php?id=1853465"]
[Date "2025.3.7"]
[Round "2"]
[White "sandrax"]
[Black "pomar"]
[Result "1-0"]
[WhiteElo "2078"]
[BlackElo "1819"]

1. e4 e6 2. d4 d5 3. Nc3 Bb4 4. e5 c5 5. a3 cxd4 6. axb4 dxc3 7. Qg4 g6 8. Nf3
cxb2 9. Bxb2 Qc7 10. Bd3 Nc6 11. O-O Nge7 12. b5 Na5 13. Qh4 Nf5 14. Qf6 O-O 15.
Bxf5 exf5 16. e6 Bxe6 17. Qg7# 1-0

[Event "AUTO-OPEN-4553"]
[Site "http://www.queenalice.com/game.php?id=1853466"]
[Date "2025.3.7"]
[Round "2"]
[White "pomar"]
[Black "sandrax"]
[Result "0-1"]
[WhiteElo "1819"]
[BlackElo "2072"]

1. f3 d5 2. Kf2 e5 3. e3 Nc6 4. g3 h5 5. Bh3 g5 6. Bxc8 Qxc8 7. h4 gxh4 8. Rxh4
Be7 9. Rh1 Qe6 10. Nc3 O-O-O 11. d4 Nh6 12. Rxh5 Nf5 13. Rxh8 Rxh8 14. Kg2 Qh6
15. Nxd5 Qh1+ 16. Kf2 Rh2+ 0-1

[Event "AUTO-MASTER-3262"]
[Site "http://www.queenalice.com/game.php?id=1856095"]
[Date "2025.4.24"]
[Round "1"]
[White "sandrax"]
[Black "Scharlatan"]
[Result "1-0"]
[WhiteElo "2242"]
[BlackElo "2033"]

1. e4 d6 2. d4 e5 3. Nf3 exd4 4. Nxd4 Nf6 5. Nc3 Be7 6. Bf4 O-O 7. Qd2 Nbd7 8.
O-O-O Nc5 9. f3 Ne6 10. Nxe6 Bxe6 11. Kb1 a6 12. g4 b5 13. Be3 b4 14. Ne2 c5 15.
Nf4 Bd7 16. g5 Ne8 17. h4 f6 18. Bc4+ Kh8 19. Ng6+ hxg6 20. h5 1-0

[Event "AUTO-MASTER-3262"]
[Site "http://www.queenalice.com/game.php?id=1856096"]
[Date "2025.4.24"]
[Round "1"]
[White "Scharlatan"]
[Black "sandrax"]
[Result "0-1"]
[WhiteElo "2046"]
[BlackElo "2205"]

1. d4 Nf6 2. Nc3 d5 3. Bf4 g6 4. e3 Bg7 5. h4 c6 6. Be2 h5 7. Nf3 O-O 8. Ne5
Nbd7 9. g4 Nxe5 10. Bxe5 Nxg4 11. Bxg7 Kxg7 12. Qd2 Qd6 13. f3 Qg3+ 14. Kd1 Nf2+
0-1

[Event "AUTO-MASTER-3262"]
[Site "http://www.queenalice.com/game.php?id=1856098"]
[Date "2025.4.24"]
[Round "1"]
[White "Magnaroc"]
[Black "sandrax"]
[Result "0-1"]
[WhiteElo "1802"]
[BlackElo "2152"]

1. e4 c5 2. Nf3 d6 3. Bb5+ Nd7 4. d4 cxd4 5. Bxd7+ Bxd7 6. Nxd4 e5 7. Nf3 Nf6 8.
Bg5 Qa5+ 9. Bd2 Qa6 10. Nc3 Bc6 0-1

[Event "AUTO-MASTER-3262"]
[Site "http://www.queenalice.com/game.php?id=1856100"]
[Date "2025.4.24"]
[Round "1"]
[White "Pumpernickel"]
[Black "sandrax"]
[Result "1/2-1/2"]
[WhiteElo "2182"]
[BlackElo "2248"]

1. d4 Nf6 2. Nf3 d5 3. e3 e6 4. Bd3 c5 5. c4 dxc4 6. Bxc4 a6 7. O-O b5 8. Be2
Nbd7 9. b3 Bb7 10. Bb2 Be7 11. Nbd2 O-O 12. Rc1 cxd4 13. Nxd4 Qb6 14. Bf3 Rfc8
15. Rxc8+ Rxc8 16. Qb1 Nd5 17. Rc1 Rxc1+ 18. Qxc1 Nb4 19. Qb1 Bxf3 20. N2xf3 h6
21. Ba3 Qb7 22. Ne1 Nf6 23. Nd3 Qe4 24. Bxb4 Bxb4 25. Qc2 Bd6 26. Nf3 e5 27. Nd2
Qd5 28. Qc3 e4 29. Nb4 1/2-1/2

[Event "AUTO-OPEN-4553"]
[Site "http://www.queenalice.com/game.php?id=1856677"]
[Date "2025.5.4"]
[Round "3"]
[White "Takeda"]
[Black "sandrax"]
[Result "0-1"]
[WhiteElo "1954"]
[BlackElo "2180"]

1. e4 c5 2. Nf3 d6 3. Bc4 Nf6 4. O-O Nxe4 5. Re1 Nf6 6. Nc3 e6 7. a4 Be7 8. d4
cxd4 9. Nxd4 O-O 10. b4 d5 11. Be2 e5 12. Nf3 Bxb4 13. Bd2 Nc6 14. Bb5 e4 15.
Nh4 Ng4 16. h3 Qxh4 17. hxg4 Bd6 18. g3 Bxg3 19. fxg3 Qxg3+ 20. Kf1 Bxg4 21. Be2
Bh3# 0-1

[Event "AUTO-OPEN-4553"]
[Site "http://www.queenalice.com/game.php?id=1856678"]
[Date "2025.5.4"]
[Round "3"]
[White "sandrax"]
[Black "Takeda"]
[Result "1-0"]
[WhiteElo "2174"]
[BlackElo "1962"]

1. e4 g6 2. d4 Bg7 3. Nc3 d6 4. Be3 Nf6 5. Qd2 O-O 6. O-O-O Nc6 7. f3 a6 8. Nd5
Nxd5 9. exd5 Na7 10. h4 c6 11. h5 Bf5 12. g4 Bd7 13. hxg6 fxg6 14. Bd3 e5 15.
Qh2 Qf6 16. dxe5 dxe5 17. g5 Qd6 18. Qxh7+ Kf7 19. dxc6 Be6 20. Bxg6+ 1-0

[Event "Let's Play Chess!"]
[Site "http://www.queenalice.com/game.php?id=1862364"]
[Date "2025.9.1"]
[Round "-"]
[White "SPIDERMAN99"]
[Black "sandrax"]
[Result "1/2-1/2"]
[WhiteElo "2520"]
[BlackElo "2195"]

1. e4 c5 2. Nf3 d6 3. d4 cxd4 4. Nxd4 Nf6 5. Nc3 a6 6. Be3 e5 7. Nb3 Be6 8. f3
h5 9. Qd2 Nbd7 10. Nd5 Bxd5 11. exd5 g6 12. O-O-O Nb6 13. Qa5 Bh6 14. Bxh6 Rxh6
15. Qd2 Rh8 16. Na5 Kf8 17. c4 Kg7 18. Bd3 Rc8 19. Kb1 Na4 20. Bc2 Nb6 21. Bd3
Na4 22. Bc2 Nb6 23. Bd3 1/2-1/2

[Event "AUTO-MASTER-3255"]
[Site "http://www.queenalice.com/game.php?id=1866413"]
[Date "2025.12.1"]
[Round "2"]
[White "cerenzo72"]
[Black "sandrax"]
[Result "0-1"]
[WhiteElo "2171"]
[BlackElo "2246"]

1. c4 e5 2. g3 Nf6 3. Bg2 d5 4. cxd5 Nxd5 5. Nf3 Nc6 6. Nc3 Bc5 7. O-O O-O 8.
Qc2 Nf6 9. e4 Bg4 10. Na4 Bd4 11. Nxd4 Nxd4 12. Qc5 b5 13. Nc3 Nd7 14. Qa3 Nc2
0-1